[Event "TUR Cup"]
[Site "Denizli"]
[Date "2023.07.22"]
[Round "9"]
[White "Kiran, Seyit Kaan"]
[Black "Ozturk, Yavuz"]
[Result "1-0"]
[WhiteElo "1415"]
[BlackElo "1684"]
[PlyCount "87"]
[EventDate "2023.07.16"]
[EventType "team-tourn"]
[EventRounds "9"]
[EventCountry "TUR"]
[SourceTitle "CBM 215 Extra"]
[Source "ChessBase"]
[SourceDate "2023.09.30"]
[SourceVersion "1"]
[SourceVersionDate "2023.09.30"]
[SourceQuality "1"]

1. d4 Nf6 2. Bf4 g6 3. Nc3 d5 4. Nf3 Bg7 5. e3 0-0 6. h3 c5 7. Be2 cxd4 8. exd4 Nc6 9. 0-0 Bf5 10. Re1 h6 11. Bd3 Bxd3 12. Qxd3 e6 13. Ne2 Rc8 14. c3 Ne4 15. Ng3 f5 16. Ne5 Nxe5 17. Bxe5 Bxe5 18. dxe5 Nc5 19. Qd2 f4 20. Ne2 Ne4 21. Qd3 Kh7 22. Nd4 Qb6 23. Re2 Ng5 24. h4 Ne4 25. Qh3 Rce8 26. Rd1 Nc5 27. Qg4 h5 28. Qh3 Ne4 29. Nf3 Re7 30. Nd4 Rfe8 31. Qf3 Rf7 32. c4 Qc7 33. Nxe6 Rxe6 34. cxd5 Rxe5 35. Rxe4 Qd6 36. Rxe5 Qxe5 37. Qc3 Qd6 38. Re1 f3 39. Re8 Rg7 40. Qc8 g5 41. Rh8+ Kg6 42. Qe8+ Rf7 43. Rg8+ Kf6 44. hxg5+ 1-0

[Event "TUR Cup"]
[Site "Denizli"]
[Date "2023.07.20"]
[Round "7"]
[White "Yuksel, Fatih Canberk"]
[Black "Kiran, Seyit Kaan"]
[Result "1/2-1/2"]
[WhiteElo "1602"]
[BlackElo "1415"]
[PlyCount "70"]
[EventDate "2023.07.16"]
[EventType "team-tourn"]
[EventRounds "9"]
[EventCountry "TUR"]
[SourceTitle "CBM 215 Extra"]
[Source "ChessBase"]
[SourceDate "2023.09.30"]
[SourceVersion "1"]
[SourceVersionDate "2023.09.30"]
[SourceQuality "1"]

1. d4 d5 2. c4 c6 3. e3 Nf6 4. Nf3 Bf5 5. Nc3 e6 6. Qb3 Qc7 7. Bd2 h6 8. Rc1 dxc4 9. Bxc4 Nbd7 10. Be2 Be7 11. 0-0 0-0 12. Rfe1 Rfd8 13. Bf1 Ne4 14. Nxe4 Bxe4 15. Bb4 Bxb4 16. Qxb4 Bxf3 17. gxf3 Nf6 18. Bg2 Rd7 19. Rc5 Nd5 20. Qb3 Rad8 21. Rec1 Qd6 22. f4 Qe7 23. Qd1 Qh4 24. Bxd5 Rxd5 25. Qf3 Qf6 26. Qe4 Rxc5 27. Rxc5 Rd5 28. b4 Qd8 29. Rxd5 cxd5 30. Qc2 Qb6 31. a3 a6 32. Kg2 Qb5 33. Qc8+ Kh7 34. Qc7 Kg6 35. h4 Qe2 1/2-1/2